| 000 | 00975nam a22002297a 4500 | ||
|---|---|---|---|
| 003 | OSt | ||
| 005 | 20251104084118.0 | ||
| 008 | 251030b |||||||| |||| 00| 0 eng d | ||
| 040 | _c0 | ||
| 082 | _aDPer 371.91 J826 July-October 2022 v. 27 n. 3-4 | ||
| 100 |
_aSpear, Suzanne E. _eauthor. _969063 |
||
| 245 |
_aDevelopment of health behavior screening tool for deaf college students / _cSuzanne E. Spear, William Garrow, Flavia S. Fleischer, Jaskiran Mangat and Mia Risberg. |
||
| 260 |
_aUSA ; _bOxford University Press , _cOctober 2022. |
||
| 300 |
_aVolume 27, pages 434-442 : _billustration ; _c28 cm. |
||
| 500 | _aJournal of Deaf Studies and Deaf Education, vol. 37, no. 4, pages 434-442 , October 2022. | ||
| 700 |
_aSpear, Suzanne E. _eauthor. _969063 |
||
| 710 |
_aGarrow, William. _eauthor. _969064 |
||
| 711 |
_aFleischer, Flavia S. _jauthor. _969065 |
||
| 711 |
_aMangat, Jaskiran. _jauthor. _969066 |
||
| 711 |
_aRisberg, Mia. _jauthor. _969067 |
||
| 942 |
_2ddc _cPER |
||
| 999 |
_c24114 _d24114 |
||